| 000 | 00442nam a22001577a 4500 | ||
|---|---|---|---|
| 020 | _a0070966478 | ||
| 082 |
_a526.9 _bSOM _cD |
||
| 100 |
_aSom, P _939597 |
||
| 245 |
_aAdvanced surveying / _cP Som |
||
| 260 |
_aNew Dehli : _bTATA McGraw Hill Publishing Company Limited, _cc1982. |
||
| 300 | _a278 p. : | ||
| 526 |
_a0 _b0 _c0 _d526_900000000000000_SOM |
||
| 526 |
_a0 _b0 _c0 _d526_900000000000000_SOM |
||
| 650 |
_aMCE _9379 |
||
| 942 |
_2ddc _cBK |
||
| 999 |
_c544058 _d544058 |
||